000
00254nam a2200109Ia 4500
008
190216s9999||||xx |||||||||||||| ||und||
100
_a
Balakrishnan.P.K
245
0
_a
Novel Sidhiyum Sadanayum
260
_b
Nbs Kottayam
650
_a
Padanam
942
_c
BK
999
_c
25376
_d
25376